| 000 | 00383nam a22001577a 4500 | ||
|---|---|---|---|
| 999 |
_c8967 _d8967 |
||
| 003 | GBCCL | ||
| 005 | 20241126110702.0 | ||
| 008 | 220208b ||||| |||| 00| 0 eng d | ||
| 040 | _cGBC | ||
| 082 |
_aVER 411 _bKAM |
||
| 100 |
_aKamkhenthang, H _93358 |
||
| 245 |
_aLapau _cby Dr H Kamkhenthang |
||
| 260 |
_aImphal : _bT Chingzaman _c1990. |
||
| 300 | _a147p. ; | ||
| 942 |
_2ddc _cBK |
||